Multiple Choice Region Quiz – Kaer Morhen (Witcher 3) - Statistics

General Stats
  • This quiz has been taken 26 times
  • The average score is 8 of 10
Answer Stats
Question Answer % Correct
Why did the Wild Hunt arrive in Kaer Morhen? To capture Ciri
95%
Which witcher school is headquartered in Kaer Morhen keep? Wolf
95%
The first actions in the game takes place in Kaer Morhen. How does Geralt get there? He's dreaming it
90%
Which witcher died in the Battle of Kaer Morhen in 1272? Vesemir
90%
What can Geralt do with Ciri in Kaer Morhen area that helps her survive the White Frost later in the game? Engage her in a snowball fight
86%
Where is Kaer Morhen valley located relative to Redania and Temeria? To the northeast
81%
How many witchers used Kaer Morhen as their base in the early 1270s? 4
76%
Young apprentices used to undergo the Trial of the Grasses in Kaer Morhen. What is this trial about? Alchemical ingredients consumption
76%
Other than the witchers' keep, what other human settlement is in the valley? None
76%
Which of these is NOT an abandoned witcher site in the Kaer Morhen valley? Enclosure for captured monsters
57%
No matching quizzes found
Score Distribution
Percent of People with Each Score
Percentile by Number Answered
Your Score History
You have not taken this quiz